00629nam a2200193Ia 4500008004100000082001300041100001500054245003800069250000800107260002800115300001500143500002400158650001600182700001500198942000700213952010000220952010000320999001500420230524s9999 xx 000 0 und d a510bMAT aA.P.Mathur 0aAdvanced Engineering Mathematics a2ND aNEW DELHIbKhannac2001 aXLVIX;1259 aQuantity Number: 2 aMathematics a V.P.Jaggi cBK 00104070aTATCLbTATCLcGENd2023-05-24l0o510 MATp6301r2023-05-24w2023-05-24yBKzBS1101 00104070aTATCLbTATCLcGENd2023-05-24l0o510 MATp6302r2023-05-24w2023-05-24yBKzBS1101 c1529d1529